Banderas de países insulares - ¡Muerte súbita! - Estadísticas

Estadísticas generales
  • Esta prueba ha sido intentada 6.809 veces
  • La puntuación promedio es 11 de 18
Answers on the Grid
Answers color-coded by a green-red scale on the quiz's grid according to % correct below.
 
Estadísticas de respuestas
Respuesta % Correcto
Chipre
74%
Jamaica
68%
Cuba
68%
Nueva Zelanda
67%
Reino Unido
66%
Sri Lanka
64%
Malta
63%
Seychelles
63%
Filipinas
62%
República Dominicana
61%
Islandia
60%
Irlanda
59%
Bahamas
58%
Haití
57%
Taiwán
57%
Papúa Nueva Guinea
55%
Trinidad y Tobago
52%
Comoras
50%
No se encontraron pruebas coincidentes
Distribución de puntuación
Porcentaje de gente con cada puntuación
Porcentaje por número respondido
Historial de tus puntuaciones
No has intentado esta prueba.